Statystyki dla Bohaterowie z gry GTA San Andreas

Kliknij tutaj aby rozwiązać quiz!

Ogólne statystyki

  • Ten quiz został rozwiązany 1 875 razy
  • Średni wynik to 9 z 15

Statystyki odpowiedzi

HintOdpowiedź% Poprawnych
Główny bohaterCJ
99%
duży dymbig smoke
96%
prowadzi znany klub w SF, ma fioletowy garniakjizzy b
92%
sąsiad głównego bohateraryder
81%
Brat głównego bohaterasweet
81%
kiedyś nazywany Jeffreyog loc
62%
policjant z polskimi korzeniamipulaski
60%
chłopak siostry głównego bohateracesar
56%
policjant, który gada z cj w intrzetenpenny
51%
odpowiednik rapera Snoop Dogamadd dog
47%
dziewczyna głównego bohatera, jest nie normalnacatalina
44%
spalaliśmy mu farme trawytruth
40%
siostra głównego bohaterakendl
39%
ślepc, poznajemy go po wygraniu wyściguwu zi mu
35%
gość z czapeczką z lvmaccer
9%

Rozkład punktacji

Percentyl według liczby udzielonych odpowiedzi

Procent ludzi z każdym wynikiem

Twoja historia wyników

Nie rozwiązałeś tego quizu